• 首页
  • 本馆介绍
  • 公告通知
  • 最新文献
  • 馆藏检索
  • 电子资源
  • 读者导购
  • 参考咨询
  • 我的图书馆
  • 登录
  • 详细信息显示
  • 放入我的书架
  • 预约/预借图书
  • 作者相关作品
  • 分类相关作品
  • 丛书相关作品
  • 出版社相关作品

书目信息

  • 表格格式
  • 工作单格式
  • 卡片格式
题名:
审计结果公告公民参与的理论分析与策略构建
    
 
作者: 刘静 著
分册:  
出版信息: 北京   中国时代经济出版社  2017
页数: 161页
开本: 24cm
丛书名:
单 册:
中图分类: F239.221 , F239.22
科图分类:
主题词: 审计制度--研究--中国
电子资源:
ISBN: 978-7-5119-2713-2
000 00991nam0 2200241 450
001 2342700911
005 20231130115157.58
010    @a978-7-5119-2713-2@dCNY33.00
100    @a20181129d2017 em y0chiy50 ea
101 0  @achi@deng
102    @aCN@b110000
105    @ay v 000yy
200 1  @a审计结果公告公民参与的理论分析与策略构建@Ashen ji jie guo gong gao gong min can yu de li lun fen xi yu ce lue gou jian@f刘静著
210    @a北京@c中国时代经济出版社@d2017
215    @a161页@d24cm
300    @a审计优秀博士学位论文文库(2016)
330    @a本书通过对国内外公民参与方式进行分析,结合我国政治体制特点和民主政治发展现状,选择和阐述了审计结果公告的公民参与方式,并初步构建了审计结果公告的公民参与策略,分别为以完善公告制度为目的的实施决策参与策略和以促进审计整改为目的的问题跟踪参与策略。
606 0  @a审计制度@x研究@y中国
690    @aF239.221@v5
690    @aF239.22@v4
701  0 @a刘静@Aliu jing@c(审计)@4著
801  0 @aCN@b山东中教@c20231126
905    @aBZT@dF239.22@e13
    
    审计结果公告公民参与的理论分析与策略构建/刘静著.-北京:中国时代经济出版社,2017
    161页;24cm
    审计优秀博士学位论文文库(2016)
    
    ISBN 978-7-5119-2713-2:CNY33.00
    本书通过对国内外公民参与方式进行分析,结合我国政治体制特点和民主政治发展现状,选择和阐述了审计结果公告的公民参与方式,并初步构建了审计结果公告的公民参与策略,分别为以完善公告制度为目的的实施决策参与策略和以促进审计整改为目的的问题跟踪参与策略。
●
相关链接 在五车中查询图书 在当当中查询图书 在豆瓣中查询图书


正题名:审计结果公告公民参与的理论分析与策略构建     索取号:F239.22/13         预约/预借

序号 登录号 条形码 馆藏地/架位号 状态 备注
1 2001233285   2001233285   中教(第二批第二书库)/山东中教(第二批)/1385/ [索取号:F239.22/13] 在馆    
2 2001233286   2001233286   中教(第二批第二书库)/山东中教(第二批)/1385/ [索取号:F239.22/13] 在馆    
3 2001233287   2001233287   中教(第二批第二书库)/山东中教(第二批)/1385/ [索取号:F239.22/13] 在馆    
4 2001233288   2001233288   中教(第二批第二书库)/山东中教(第二批)/1385/ [索取号:F239.22/13] 在馆    
5 2001233289   2001233289   中教(第二批第二书库)/山东中教(第二批)/1385/ [索取号:F239.22/13] 在馆    
6 2001233290   2001233290   中教(第二批第二书库)/山东中教(第二批)/1385/ [索取号:F239.22/13] 在馆    
7 2001233291   2001233291   中教(第二批第二书库)/山东中教(第二批)/1385/ [索取号:F239.22/13] 在馆    
8 2001233292   2001233292   中教(第二批第二书库)/山东中教(第二批)/1385/ [索取号:F239.22/13] 在馆    
9 2001233293   2001233293   中教(第二批第二书库)/山东中教(第二批)/1385/ [索取号:F239.22/13] 在馆    
10 2001233294   2001233294   中教(第二批第二书库)/山东中教(第二批)/1385/ [索取号:F239.22/13] 在馆    
11 2001233295   2001233295   中教(第二批第二书库)/山东中教(第二批)/1385/ [索取号:F239.22/13] 在馆    
12 2001233296   2001233296   中教(第二批第二书库)/山东中教(第二批)/1385/ [索取号:F239.22/13] 在馆    
13 2001233297   2001233297   中教(第二批第二书库)/山东中教(第二批)/1385/ [索取号:F239.22/13] 在馆    
14 2001233298   2001233298   中教(第二批第二书库)/山东中教(第二批)/1385/ [索取号:F239.22/13] 在馆    
15 2001233299   2001233299   中教(第二批第二书库)/山东中教(第二批)/1385/ [索取号:F239.22/13] 在馆    
16 2001233300   2001233300   中教(第二批第二书库)/山东中教(第二批)/1385/ [索取号:F239.22/13] 在馆    
17 2001233301   2001233301   中教(第二批第二书库)/山东中教(第二批)/1385/ [索取号:F239.22/13] 在馆    
18 2001233302   2001233302   中教(第二批第二书库)/山东中教(第二批)/1385/ [索取号:F239.22/13] 在馆    
19 2001233303   2001233303   中教(第二批第二书库)/山东中教(第二批)/1385/ [索取号:F239.22/13] 在馆    
20 2001233304   2001233304   中教(第二批第二书库)/山东中教(第二批)/1385/ [索取号:F239.22/13] 在馆    
21 2001233305   2001233305   中教(第二批第二书库)/山东中教(第二批)/1385/ [索取号:F239.22/13] 在馆    
22 2001233306   2001233306   中教(第二批第二书库)/山东中教(第二批)/1385/ [索取号:F239.22/13] 在馆    
23 2001233307   2001233307   中教(第二批第二书库)/山东中教(第二批)/1385/ [索取号:F239.22/13] 在馆    
24 2001233308   2001233308   中教(第二批第二书库)/山东中教(第二批)/1385/ [索取号:F239.22/13] 在馆    
25 2001233309   2001233309   中教(第二批第二书库)/山东中教(第二批)/1385/ [索取号:F239.22/13] 在馆    
26 2001233310   2001233310   中教(第二批第二书库)/山东中教(第二批)/1385/ [索取号:F239.22/13] 在馆    
27 2001233311   2001233311   中教(第二批第二书库)/山东中教(第二批)/1385/ [索取号:F239.22/13] 在馆    
28 2001233312   2001233312   中教(第二批第二书库)/山东中教(第二批)/1385/ [索取号:F239.22/13] 在馆    
29 2001233313   2001233313   中教(第二批第二书库)/山东中教(第二批)/1385/ [索取号:F239.22/13] 在馆    
30 2001233314   2001233314   中教(第二批第二书库)/山东中教(第二批)/1385/ [索取号:F239.22/13] 在馆    
山东省滨州职业学院图书馆 欢迎您!
大连网信软件有限公司© 版权所有